1914 1330 1433 1936 1925 1692 1715 1283 1024 1744 1542 1202 1461 1994 1387 1034 1520 1388 1461 1154 1143 1907 1599 1546 1747 1466 1404 1866 1843 1688 1484 1531 1086 1957 1243 1933 1958 1245 1029 1180 1081 1063 1315 1351 1788 1388 1761 1275 1839 1394 1342 1469 1166 1857 1505 1972 1684 1073 1964 1156 1464 1022 1464 1072 1528 1384 1794 1170 1567 1156 1063 1659 1162 1746 1156 1878 1446 1846 1198 1211 1384 1597 1448 1138 1794 1086 1422 1605 1478 1711 1252 1254 1490 1607 1017 1414 1414 1580 1779 BCNSPRNW ULIB Ver.6.0+V

เปลี่ยนเป็นภาษาไทย

Change to English
 แสดงรายละเอียดบรรณานุกรม
  กลับหน้าหลัก

Brief Record : Get Marc (ISO 2709) : E-mail record : QR code < ปิดหน้าต่าง
LEADER : 00000nam 2200000uu 4500
001    13399115200
003     ULIB
008    120727s2552||||th 000 0 tha d
020    ^a978611000147
099    ^aนว.^bร147ซ
100 0  ^a ร่มแก้ว
245 00 ^aปฐพีเล่ห์รัก/^cร่มแก้ว
250    ^aพิมพ์ครั้งที่ 1
260    ^aกรุงเทพฯ :^bพิมพ์คำ,^c2552
300    ^a324 หน้า
945    ^p230^l0^i16170
995    ^a กัณชพร
999    ^aใช้งานได้ทุกระบบ
รายการนี้ยังไม่มีแท็ก
คุณยังไม่ได้ล็อกอิน คุณสามารถมีกิจกรรมร่วมกับเว็บไซต์ได้ แต่ต้องล็อกอินก่อน ::
  ล็อกอิน

รายการสื่อสารสนเทศ

ลำดับที่ ประเภท เลขเรียก/บาร์โค้ด สถานที่ สถานะ
1. วิทยาศาสตร์การแพทย์ และสุขภาพ
วิทยาศาสตร์การแพทย์ และสุขภาพ
นว. ร147ซ  
  Barcode: 16170
ห้องสมุดวิทยาเขตสวรรค์ประชารักษ์
►นวนิยาย
บนชั้น
  ขอยืม

รายการใกล้เคียง
    ผู้แต่ง [ร่มแก้ว]

BibComment


ยังไม่เคยถูกคอมเมนท์

คอมเมนท์ทรัพยากรรายการนี้
  คอมเมนท์: ปฐพีเล่ห์รัก ร่ม..


 Copyright 2026. Bcnsprnw @Library